[Event "Cheliabinsk Panchenko Memorial op-A"]
[Site "Cheliabinsk"]
[Date "2020.09.15"]
[Round "9"]
[White "Leukhin, Artem"]
[Black "Zverev, Lev"]
[Result "0-1"]
[WhiteElo "1773"]
[BlackElo "2087"]
[PlyCount "128"]
[EventDate "2020.09.07"]
[EventType "swiss"]
[EventRounds "9"]
[EventCountry "RUS"]
[SourceTitle "CBM 198 Extra"]
[Source "ChessBase"]
[SourceDate "2020.11.30"]
[SourceVersion "1"]
[SourceVersionDate "2020.11.30"]
[SourceQuality "1"]

1. d4 Nf6 2. c4 e6 3. Nf3 d5 4. Nc3 dxc4 5. e4 b5 6. e5 Nd5 7. Nxb5 Nb6 8. Be2 Be7 9. 0-0 Nc6 10. Be3 0-0 11. Rc1 Ba6 12. Nc3 h6 13. Qd2 Nd5 14. Rfd1 Re8 15. Ne4 Nxe3 16. Qxe3 Nb4 17. Bxc4 Bxc4 18. Rxc4 Nd5 19. Qd2 Qd7 20. Rdc1 a5 21. Nc5 Qb5 22. b3 Red8 23. h3 Qb6 24. Qe2 Bxc5 25. Rxc5 a4 26. Qc4 axb3 27. axb3 Rdb8 28. Nd2 Ra3 29. Rc6 Qa5 30. Nb1 Raxb3 31. Nc3 R8b4 32. Qd3 Qa3 33. Qc2 Rb2 34. Qd1 Qa7 35. Nxd5 exd5 36. Rxc7 Qxd4 37. Qxd4 Rxd4 38. R7c2 Rxc2 39. Rxc2 Re4 40. Rd2 Rxe5 41. f4 Re4 42. g3 d4 43. Kf2 f5 44. Ra2 Kf7 45. Ra7+ Kf6 46. Rd7 g5 47. Rd6+ Ke7 48. Rxh6 gxf4 49. g4 fxg4 50. hxg4 d3 51. Rh3 Re2+ 52. Kf1 Re3 53. Rh2 Kf6 54. Rf2 Kg5 55. Rg2 Rg3 56. Rd2 Kxg4 57. Kf2 Rh3 58. Kg2 f3+ 59. Kg1 Kf4 60. Rd1 Ke3 61. Ra1 d2 62. Ra3+ Ke2 63. Ra2 f2+ 64. Kg2 f1Q# 0-1

[Event "Cheliabinsk Panchenko Memorial op-A"]
[Site "Cheliabinsk"]
[Date "2020.09.13"]
[Round "7"]
[White "Leukhin, Artem"]
[Black "Efremov, Vladislav"]
[Result "1/2-1/2"]
[WhiteElo "1773"]
[BlackElo "2188"]
[PlyCount "67"]
[EventDate "2020.09.07"]
[EventType "swiss"]
[EventRounds "9"]
[EventCountry "RUS"]
[SourceTitle "CBM 198 Extra"]
[Source "ChessBase"]
[SourceDate "2020.11.30"]
[SourceVersion "1"]
[SourceVersionDate "2020.11.30"]
[SourceQuality "1"]

1. d4 Nf6 2. c4 b6 3. Nc3 Bb7 4. Nf3 e6 5. Bg5 Be7 6. e3 h6 7. Bh4 0-0 8. Be2 d5 9. cxd5 exd5 10. 0-0 Nbd7 11. Rc1 c5 12. Bd3 Ne4 13. Bxe7 Qxe7 14. Nd2 f5 15. Ndxe4 fxe4 16. Be2 Nf6 17. Qd2 Rac8 18. f3 exf3 19. Bxf3 Rfd8 20. Qd3 c4 21. Qd2 a6 22. Rce1 b5 23. a3 Re8 24. Re2 Qd7 25. Rfe1 Qf5 26. Qc2 Qxc2 27. Rxc2 Re7 28. Rce2 Rce8 29. g4 g5 30. Kf2 Bc6 31. b4 cxb3 32. Rb2 Rc7 33. Rxb3 Ba8 34. Ne2 1/2-1/2

[Event "Dvorkovich Memorial op"]
[Site "Taganrog"]
[Date "2019.01.17"]
[Round "8"]
[White "Lopukhin, Anatoly Viktorovich"]
[Black "Leukhin, Artem"]
[Result "1-0"]
[WhiteElo "2282"]
[BlackElo "1676"]
[PlyCount "108"]
[EventDate "2019.01.10"]
[EventType "swiss"]
[EventRounds "9"]
[EventCountry "RUS"]
[SourceTitle "CBM 188 Extra"]
[Source "ChessBase"]
[SourceDate "2019.02.26"]
[SourceVersion "1"]
[SourceVersionDate "2019.02.26"]
[SourceQuality "1"]

1. e4 e6 2. Nf3 d5 3. Nc3 Nf6 4. e5 Nfd7 5. d4 c5 6. dxc5 Bxc5 7. Bd3 Nc6 8. Qe2 Be7 9. h4 Nc5 10. Bg5 a6 11. 0-0 Bd7 12. Rfe1 h6 13. Bxe7 Qxe7 14. a3 0-0 15. Qd2 Nxd3 16. Qxd3 Na5 17. a4 Rac8 18. Ne2 Qb4 19. b3 Rc7 20. Ned4 Rfc8 21. Re3 Qe7 22. Qd2 Nc6 23. g3 Nxd4 24. Nxd4 b5 25. axb5 Bxb5 26. Kg2 Rc5 27. Qb4 R5c7 28. Qd2 Rc5 29. Ra2 Qc7 30. f4 Rc3 31. h5 Rxe3 32. Qxe3 Qc3 33. Qxc3 Rxc3 34. Kf2 Kf8 35. Ra1 Ke7 36. Re1 Bd7 37. Re3 Rc8 38. Ke2 a5 39. Kd2 Rb8 40. c3 Bb5 41. Re1 Bd7 42. Ra1 Ra8 43. Kc2 a4 44. b4 f6 45. Re1 f5 46. Kb2 Be8 47. Rh1 Rc8 48. Rh2 Rc7 49. Rh1 Rc8 50. Ra1 Ra8 51. Rh1 Rc8 52. Rh2 Rc7 53. Nc2 Rc4 54. Nd4 Rc7 1-0

[Event "Dvorkovich Memorial op"]
[Site "Taganrog"]
[Date "2019.01.13"]
[Round "4"]
[White "Dida, Igor"]
[Black "Leukhin, Artem"]
[Result "0-1"]
[WhiteElo "1850"]
[BlackElo "1676"]
[PlyCount "83"]
[EventDate "2019.01.10"]
[EventType "swiss"]
[EventRounds "9"]
[EventCountry "RUS"]
[SourceTitle "CBM 188 Extra"]
[Source "ChessBase"]
[SourceDate "2019.02.26"]
[SourceVersion "1"]
[SourceVersionDate "2019.02.26"]
[SourceQuality "1"]

1. c4 c6 2. d4 d5 3. Nc3 Nf6 4. Bf4 dxc4 5. e4 b5 6. Nf3 e6 7. a3 Be7 8. b3 cxb3 9. Qxb3 0-0 10. Be2 Nbd7 11. d5 exd5 12. exd5 Nc5 13. Qc2 Nxd5 14. Rd1 Qa5 15. Bd2 Nxc3 16. Bxc3 Qxa3 17. Nd4 Na4 18. Nxc6 Qxc3+ 19. Qxc3 Nxc3 20. Nxe7+ Kh8 21. Rd3 Nxe2 22. Kxe2 Re8 23. Kd2 Bb7 24. Nd5 Bxd5 25. Rxd5 Rad8 26. Rxd8 Rxd8+ 27. Kc3 a5 28. Re1 g6 29. Re7 Kg7 30. Ra7 a4 31. Rb7 Rd5 32. g4 g5 33. h3 Kg6 34. Rb8 Re5 35. Rg8+ Kf6 36. Rh8 Kg7 37. Rb8 Re2 38. Rxb5 Rxf2 39. Ra5 Rf3+ 40. Kd4 a3 41. Ke4 Rxh3 42. Ra7 0-1

[Event "Dvorkovich Memorial op"]
[Site "Taganrog"]
[Date "2019.01.10"]
[Round "1"]
[White "Leukhin, Artem"]
[Black "Kabanov, Nikolai"]
[Result "0-1"]
[WhiteElo "1676"]
[BlackElo "2447"]
[PlyCount "70"]
[EventDate "2019.01.10"]
[EventType "swiss"]
[EventRounds "9"]
[EventCountry "RUS"]
[SourceTitle "CBM 188 Extra"]
[Source "ChessBase"]
[SourceDate "2019.02.26"]
[SourceVersion "1"]
[SourceVersionDate "2019.02.26"]
[SourceQuality "1"]

1. e4 c6 2. d4 d5 3. exd5 cxd5 4. c4 Nf6 5. Nc3 Nc6 6. Nf3 Be6 7. c5 g6 8. Bb5 Bg7 9. Bxc6+ bxc6 10. Ne5 Qc8 11. 0-0 Nd7 12. f4 0-0 13. b4 f6 14. Nxd7 Qxd7 15. a4 a6 16. Qe2 Bg4 17. Qd3 Rfb8 18. Ba3 e5 19. Rae1 Bf5 20. Qd1 Re8 21. h3 exf4 22. Rxf4 Rxe1+ 23. Qxe1 Re8 24. Qf1 Bh6 25. Rf3 Be3+ 26. Kh1 Bxd4 27. Ne2 Be5 28. Ng3 Be4 29. Nxe4 dxe4 30. Qc4+ Kg7 31. Rf1 Qd3 32. Qxd3 exd3 33. Rd1 Bf4 34. Kg1 d2 35. Kf1 Bg3 0-1